Návrh montážnej linky na výrobu kondenzačných jednotiek vo firme Emerson, a.s.

Gespeichert in:
Bibliographische Detailangaben
1. Verfasser: Malák, Jozef (Verfasst von)
Weitere Verfasser: Matúšová, Miriam (Betreuung Doktorarbeit)
Format: Manuskript Buch
Sprache:Slowakisch
Veröffentlicht: 2017
Schlagworte:
Online-Zugang:http://is.stuba.sk/zp/portal_zp.pl?podrobnosti=121054
Tags: Tag hinzufügen
Keine Tags, Fügen Sie das erste Tag hinzu!

MARC

LEADER 00000ntm a22000003a 4500
001 stuzp62505
003 SK-STU
005 20170701210530.0
007 ta
008 150427s2015----xo-----f-mn---000-0-slo-d
040 |a STU  |b slo 
041 0 |a slo 
100 1 |a Malák, Jozef  |u 063000  |4 aut  |U MTF Materiálovotechnologická fakulta  |T MTF Ústav výrobných technológií  |X 71450  |U M3000  |Y 83  |7 71450 
242 0 1 |a Design and development of Condensing Unit Assembly Line for Emerson a.s.  |y eng 
245 1 0 |a Návrh montážnej linky na výrobu kondenzačných jednotiek vo firme Emerson, a.s. 
260 |c 2017 
650 4 |a výrobná linka  |2 slo 
650 4 |a návrh montážnej linky  |2 slo 
650 4 |a materiálový tok  |2 slo 
650 4 |a production line  |2 eng 
650 4 |a design of Assembly Line  |2 eng 
650 4 |a material flow  |2 eng 
700 1 |a Matúšová, Miriam  |u 063800  |k Z1  |4 ths  |U MTF Ústav výrobných technológií  |T MTF Katedra výrobných systémov, metrológie a montáže  |X 4309  |U M3800  |Y 660  |7 A000004309 
856 4 |u http://is.stuba.sk/zp/portal_zp.pl?podrobnosti=121054 
996 |c M* BP-8121  |l MMSKP  |s P  |a 0  |w stuzp62505_0001